000 00209 a2200097 4500
001 10120
100 _aNewman, E W P
245 _aMediterranean and its problems
260 _a
_bAllen
_c
090 _c7867
_d7867
942 _aNUST-CAE
_cM
_c34563
999 _c245193
_d245193